Datum a čas kvízu
27
Celkem bodů
Celkový počet nahraných bodů na tomto kvízu bez doplňovacích otázek.
8.
Pořadí na kvízu
Konečné umístění týmu na tomto kvízu.
Zaznamenané odpovědi
| # | Otázka | Odpověď | Body | Výsledky |
|---|---|---|---|---|
| 1. | Minulý týden vyšla zpráva o to... | špatné parkování elektrokoloběžek | 0 | |
| 2. | Šéf slovenského parlamentu má... | Boris Kollár, hnutí Jsme rodina | 0.5 | |
| 3. | Jistý populární komediální ser... | Mr. Bean | 0 | |
| 4. | Známý šéfkuchař Přemek Forejt... | McDonald’s | 1 | |
| 5. | Brněnští hokejoví fanoušci měl... | 2:1 | 0 | |
| 6. | Začneme v Africe. Jak se dnes... | Zimbabwe | 0 | |
| 7. | Že Cejlon byl v roce 1972 přej... | C | 0 | |
| 8. | Thajsko je jedinou zemí jihový... | Siam, Město Andělů | 0 | |
| 9. | Zřejmě víte, že na území dnešn... | Robinson Crusoe | 1 | |
| 10. | Vzpomenete si na jednoslovný n... | Jugoslávie | 1 |